| 000 | nam a22 7a 4500 | ||
|---|---|---|---|
| 999 |
_c233450 _d233450 |
||
| 003 | Nust | ||
| 005 | 20170308101254.0 | ||
| 008 | 170308b xxu||||| |||| 00| 0 eng d | ||
| 020 | _a9780006165439 | ||
| 040 | _cNust | ||
| 082 |
_a823.914 _bMAC |
||
| 100 | _a MacLean, Alistair | ||
| 245 |
_aThe Dark Crusader/ _cAlistair, MacLean; |
||
| 260 |
_aLondon _bHarper Collins Publisher _c2008 |
||
| 300 |
_a371 p. _c20 cm. |
||
| 650 |
_aSecret service _xFiction |
||
| 942 |
_2ddc _cBK |
||